00716nam a2200157 a 450000100100000000500170001000800410002704000250006808200150009324502070010826000660031530000320038191000150041395201130042899900170054100003000120200930055955.0110428s1978 dr ab 000 0 spa d aDO-SdBNPbspacBNPHU axxxxbM29700aMapas de la Isla Española o Santo Domingo "Primicia Mundial" :btres series de reproducciones litográficas de los primeros mapas del nuevo mundo y los primeros de la Isla Española o Santo Domingo. aSanto Domingo :bFundación Dominicana de Desarrollo,c1978. a8 p. :bil., mapa ;c26 cm. aEn proceso 0010718PDaPDbPDcCTd2011-04-28iLF1l0oxxxx M297p30001-10r2020-06-25w2020-06-25yLFPDZNo se presta c29493d29493